000 00485nam a2200145 4500
001 143252
003 ES-MaACL
005 20230906200749.0
007 t|
008 070214s1921 sp r ||||1| spa d
100 1 _aSemprún, Eduardo.
_9105417
245 1 4 _aUna nueva teoría sobre los cánceres y un nuevo método de tratamiento
_b: comunicación presentada a la Real Academia de Medicina /
_cEduardo Semprún.
260 _aMadrid :
_b[s.n.],
_c1921.
852 _aES-MaACL
_j1614-F-10
999 _c143252
_d143252